000 00573nam a22001937a 4500
005 20140314095507.0
008 081205s2009 nyua b 001 0 eng
020 _a9780071496629
080 _a005.3
100 1 _aDoolittle, Judi.
245 1 0 _aPeopleSoft developer's guide for PeopleTools & PeopleCode /
_cJudi Doolittle.
250 _a1 st.ed.;
260 _aNew York :
_bMcGraw-Hill,
_c2009.
300 _a572 f. :
_bme il.;
_c23 cm.
500 _aPƫrfshin indeksin f. 563-572
650 0 _aProgramet e kompjuterit
650 0 _aAnaliza e sistemeve
942 _2udc
_cBK
999 _c430
_d430